| 000 | 00871nam a2200277Ia 4500 | ||
|---|---|---|---|
| 003 | OSt | ||
| 005 | 20221005033453.0 | ||
| 006 | a|||||r|||| 00| 0 | ||
| 007 | ta | ||
| 008 | 221004b |||||||| |||| 00| 0 eng d | ||
| 020 |
_a9788180903885 (hbk) _cINR 800.00 |
||
| 024 | _a34193 | ||
| 037 |
_b123, 10/09/2017, Eastern Book Linkers _cTextual |
||
| 040 |
_aCRL _cCRL _beng |
||
| 041 |
_2eng _aeng |
||
| 082 | _aR641xK60,1, Q7 | ||
| 100 |
_aBhaskara Laugaksi Au. _9586104 |
||
| 245 | 0 | _aArthasamgrahah of Laugaksi Bhaskara | |
| 260 |
_aDelhi _bBhartiya Kala Prakashan India _c2017 |
||
| 300 |
_axvi,407p. _ccm. |
||
| 650 | _a PHILOSOPHY | ||
| 650 | _aBHATT MIMAMSA | ||
| 700 | _a Panda N.C. Ed. | ||
| 942 |
_hR641xK60,1, Q7 _cTEXL _2cc |
||
| 999 |
_c941574 _d941574 |
||